Vista normal
Vista MARC
Entrada Personal Name
Número de registros utilizados en: 1
001 - CONTROL NUMBER
- control field: 11907
003 - CONTROL NUMBER IDENTIFIER
- control field: DLC
005 - DATE AND TIME OF LATEST TRANSACTION
- control field: 20220119083832.0
008 - FIXED-LENGTH DATA ELEMENTS
- fixed length control field: 950328n| acannaab| |a aaa c
010 ## - LIBRARY OF CONGRESS CONTROL NUMBER
- LC control number: no 95014711
035 ## - SYSTEM CONTROL NUMBER
- System control number: (OCoLC)oca03802664
040 ## - CATALOGING SOURCE
- Original cataloging agency: OO
- Transcribing agency: Mx-PuUPA
- Modifying agency: DLC
- Modifying agency: Mx-PuUPA
- Language of cataloging: spa
- Description conventions: rda
100 10 - HEADING--PERSONAL NAME
- Personal name: Buck, Patricia Ringling,
374 ## - OCCUPATION
- Occupation: Autor
375 ## - GENDER
- Gender: mujer
377 ## - ASSOCIATED LANGUAGE
- Language code: eng
400 10 - SEE FROM TRACING--PERSONAL NAME
- Personal name: Buck, Pat Ringling
670 ## - SOURCE DATA FOUND
- Source citation: The John and Mable Ringling Museum of Art, c1988:
- Information found: t.p. (Patricia Ringling Buck) p. 5 (communications officer of Museum)
670 ## - SOURCE DATA FOUND
- Source citation: The Ringling legacy, c1995:
- Information found: t.p. (Pat Ringling Buck)